Leading economic controversies of 1996 / (Record no. 9091)

MARC details
000 -LEADER
fixed length control field 00904cam a2200265 a 4500
001 - CONTROL NUMBER
control field 672131
003 - CONTROL NUMBER IDENTIFIER
control field OSt
005 - DATE AND TIME OF LATEST TRANSACTION
control field 20240708123129.0
008 - FIXED-LENGTH DATA ELEMENTS--GENERAL INFORMATION
fixed length control field 950626s1996 nyuab b 000 0 eng
010 ## - LIBRARY OF CONGRESS CONTROL NUMBER
LC control number 95031638
020 ## - INTERNATIONAL STANDARD BOOK NUMBER
International Standard Book Number 039396955X (pbk.)
040 ## - CATALOGING SOURCE
Transcribing agency must
043 ## - GEOGRAPHIC AREA CODE
Geographic area code n-us---
050 00 - LIBRARY OF CONGRESS CALL NUMBER
Classification number HC106.82
Item number .L4 1996
082 00 - DEWEY DECIMAL CLASSIFICATION NUMBER
Classification number 338.973/009/049
Edition number 20
245 00 - TITLE STATEMENT
Title Leading economic controversies of 1996 /
Statement of responsibility, etc. [edited by] Edwin Mansfield.
260 ## - PUBLICATION, DISTRIBUTION, ETC. (IMPRINT)
Place of publication, distribution, etc. New York :
Name of publisher, distributor, etc. Norton,
Date of publication, distribution, etc. c1996.
300 ## - PHYSICAL DESCRIPTION
Extent ix, 207 p. :
Other physical details ill., map ;
Dimensions 23 cm.
500 ## - GENERAL NOTE
General note Includes bibliographical references.
651 #0 - SUBJECT ADDED ENTRY--GEOGRAPHIC NAME
Geographic name United States
General subdivision Economic policy
Chronological subdivision 1993-2001.
9 (RLIN) 18510
700 1# - ADDED ENTRY--PERSONAL NAME
Personal name Mansfield, Edwin.
9 (RLIN) 18511
906 ## - LOCAL DATA ELEMENT F, LDF (RLIN)
a 7
b cbc
c orignew
d 1
e ocip
f 19
g y-gencatlg
942 ## - ADDED ENTRY ELEMENTS (KOHA)
Source of classification or shelving scheme Dewey Decimal Classification
Koha item type Open Shelf
Holdings
Withdrawn status Lost status Source of classification or shelving scheme Damaged status Not for loan Home library Current library Date acquired Source of acquisition Inventory number Total Checkouts Full call number Barcode Date last seen Price effective from Koha item type
    Dewey Decimal Classification     MUST Main Library MUST Main Library 08/07/2024 purchase 05/24254   338.973/009/049 2024-21820 08/07/2024 08/07/2024 Open Shelf